00421nam a2200145Ia 4500008004100000020001800041041000800059082001800067100002600085245009100111250000600202260002900208300001200237650002600249210716s2018 xx 000 0 und d a9789332541375 aeng a658.1599 SIDT aSiddaiah, Thummuluri. aInternational financial management: an analytical framework.bAn analytical framework. a2 aNew DelhibPearsonc2018 axxv,532 aInternational Finance